| 000 | 00000nam##2200000za#4500 |
| 001 | 9.567806 |
| 003 | CaOODSP |
| 005 | 20210624180946 |
| 007 | cr ||||||||||| |
| 008 | 150406|1999||||xxc|||||o f|0| 0 eng|d |
| 040 | |aCaOODSP|beng |
| 043 | |an-cn--- |
| 086 | 1 |aBT31-2/2000-III-70E-PDF |
| 110 | 1 |aCanada. |bTreasury Board. |
| 245 | 10|aTreasury Board of Canada Secretariat, 1999–2000 estimates, part III, report on plans and priorities |h[electronic resource] |
| 260 | |aOttawa - Ontario : |bTreasury Board of Canada Secretariat |cc1999. |
| 300 | |a48p.|borganization chart, tables |
| 490 | 1 |a1999-2000 estimates. Part III, Report on plans and priorities |v1999-2000 |
| 500 | |aThe catalogue number (BT31-2/2000-III-70) and ISBN (0-660-60843-X) for the bilingual print edition have been incorrectly copied in this electronic publication. |
| 590 | |a10-13-Supp|b2010-11-23 |
| 775 | 08|tSecrétariat du Conseil du Trésor du Canada, budget des dépenses 1999-2000, partie III, rapport sur les plans et les priorités |w(CaOODSP)9.599130 |
| 776 | 0#|tTreasury Board of Canada, Secretariat |w(CaOODSP)9.531686 |
| 776 | 0#|tSecrétariat du Conseil du Trésor du Canada |w(CaOODSP)9.531687 |
| 830 | #0|a1999-2000 estimates. Part III, Report on plans and priorities ;|v1999-2000|w(CaOODSP)9.505715 |
| 856 | 40|ahttp://publications.gc.ca|qPDF|s281 KB|uhttps://publications.gc.ca/collections/Collection/BT31-2-2000-III-70E.pdf|y1999-2000 |